ბათუმის შოთა რუსთაველის სახელმწიფო უნივერსიტეტის ბიბლიოთეკა

Введение и исследование операции в 2-х книгах.Кн.2 (ბიბ.ჩანაწერი № 35231)

000 -LEADER
fixed length control field 00656nam a2200229Ia 4500
001 - CONTROL NUMBER
control field 1077
003 - CONTROL NUMBER IDENTIFIER
control field GE_BSU
008 - FIXED-LENGTH DATA ELEMENTS--GENERAL INFORMATION
fixed length control field 181216s||||||||xx |||||||||||||| ||und||
040 ## - CATALOGING SOURCE
Transcribing agency GE_BSU
080 ## - UNIVERSAL DECIMAL CLASSIFICATION NUMBER
Universal Decimal Classification number 519.6(075.8)
100 ## - MAIN ENTRY--PERSONAL NAME
Personal name Таха,Х.
245 ## - TITLE STATEMENT
Title Введение и исследование операции в 2-х книгах.Кн.2
245 ## - TITLE STATEMENT
Remainder of title Пер. с англ.В.Я. Алтаева.
260 ## - PUBLICATION, DISTRIBUTION, ETC.
Place of publication, distribution, etc. Москва
260 ## - PUBLICATION, DISTRIBUTION, ETC.
Name of publisher, distributor, etc. Мир
260 ## - PUBLICATION, DISTRIBUTION, ETC.
Date of publication, distribution, etc. 1985
300 ## - PHYSICAL DESCRIPTION
Extent 496стр.
653 ## - INDEX TERM--UNCONTROLLED
Uncontrolled term Введение и исследование операции
653 ## - INDEX TERM--UNCONTROLLED
Uncontrolled term მათემატიკა
942 ## - ADDED ENTRY ELEMENTS (KOHA)
Koha item type წიგნი
ეგზემპლარები
Withdrawn status Lost status Damaged status Not for loan Date acquired Barcode Date last seen Price effective from Koha item type
        2018-12-17 875 2018-12-17 2018-12-17 წიგნი